[Event "Lloyds Bank Masters 1st"]
[Site "London"]
[Date "1977.08.29"]
[Round "6.4"]
[White "Torre, Eugenio"]
[Black "Bellin, Robert"]
[Result "0-1"]
[WhiteElo "2550"]
[BlackElo "2400"]
[PlyCount "82"]
[EventDate "1977.08.26"]
[EventType "swiss"]
[EventRounds "10"]
[EventCountry "ENG"]

1. e4 e5 2. Nf3 Nc6 3. Bb5 Bc5 4. c3 Nf6 5. d4 exd4 6. e5 Ne4 7. cxd4 Bb4+ 8.
Nbd2 Nxd2 9. Bxd2 Bxd2+ 10. Qxd2 Ne7 11. O-O O-O 12. Bd3 h6 13. Rfe1 d5 14.
Rac1 c6 15. b4 Bf5 16. Bf1 Qd7 17. Qb2 Rac8 18. a4 Ng6 19. Nd2 f6 20. exf6 Rxf6
21. b5 Rcf8 22. bxc6 bxc6 23. Rc3 Nh4 24. Nf3 Nxf3+ 25. Rxf3 Qd6 26. Rc1 Bg4
27. Rxf6 Qxf6 28. a5 Bh5 29. a6 Bg6 30. Rc5 Kh7 31. h3 Re8 32. Qc3 Re6 33. Ra5
Re4 34. Ra4 Re7 35. Ra2 Re4 36. Ra4 Re7 37. Rb4 c5 38. Qxc5 Re1 39. Rb3 Qxa6
40. Qb5 Qxb5 41. Rxb5 Rxf1+ 0-1

[Event "Lloyds Bank Masters 1st"]
[Site "London"]
[Date "1977.08.29"]
[Round "6.5"]
[White "Pritchett, Craig William"]
[Black "Webb, Simon"]
[Result "1/2-1/2"]
[WhiteElo "2425"]
[BlackElo "2430"]
[PlyCount "75"]
[EventDate "1977.08.26"]
[EventType "swiss"]
[EventRounds "10"]
[EventCountry "ENG"]

1. Nf3 Nf6 2. c4 g6 3. Nc3 d5 4. cxd5 Nxd5 5. g3 Bg7 6. Bg2 O-O 7. O-O Nc6 8.
d4 Nb6 9. d5 Na5 10. e4 c6 11. Nd4 cxd5 12. exd5 e6 13. Nb3 Nxb3 14. Qxb3 exd5
15. Nxd5 Be6 16. Rd1 Nxd5 17. Bxd5 Bxd5 18. Rxd5 Qc8 19. Bf4 b6 20. Rad1 Qe6
21. Qc2 h5 22. h4 Rac8 23. Qd2 Rfe8 24. b3 Qe4 25. Qd3 Qxd3 26. R1xd3 Bf6 27.
Kg2 Red8 28. Rd7 b5 29. Be3 a6 30. Kf3 Kf8 31. R3d6 Rxd7 32. Rxd7 Be7 33. Ra7
Rc6 34. Bd4 f6 35. Ke4 Kf7 36. a4 bxa4 37. bxa4 Ke6 38. Kd3 1/2-1/2

[Event "Lloyds Bank Masters 1st"]
[Site "London"]
[Date "1977.08.29"]
[Round "6.6"]
[White "Waters, Peter John"]
[Black "Birnboim, Nathan"]
[Result "0-1"]
[WhiteElo "2320"]
[BlackElo "2440"]
[PlyCount "54"]
[EventDate "1977.08.26"]
[EventType "swiss"]
[EventRounds "10"]
[EventCountry "ENG"]

1. e4 c5 2. Nf3 Nc6 3. d4 cxd4 4. Nxd4 g6 5. c4 Bg7 6. Be3 Nf6 7. Nc3 Ng4 8.
Qxg4 Nxd4 9. Qd1 Ne6 10. Rc1 O-O 11. Bd3 d6 12. b4 a5 13. a3 axb4 14. axb4 Nd4
15. O-O Be6 16. f4 Qd7 17. Rf2 Bg4 18. Qf1 f5 19. c5 fxe4 20. Bxe4 Nf5 21. Qc4+
Kh8 22. Bxf5 Bxf5 23. cxd6 Rfc8 24. Qb3 Be6 25. Qb2 Ra2 26. Qxa2 Bxa2 27. Rxa2
Qxd6 0-1

[Event "Lloyds Bank Masters 1st"]
[Site "London"]
[Date "1977.08.29"]
[Round "6.7"]
[White "Yeo, Michael J"]
[Black "Crouch, Colin S"]
[Result "1/2-1/2"]
[WhiteElo "2080"]
[BlackElo "2300"]
[PlyCount "84"]
[EventDate "1977.08.26"]
[EventType "swiss"]
[EventRounds "10"]
[EventCountry "ENG"]

1. e4 c5 2. Nf3 Nc6 3. d4 cxd4 4. Nxd4 Nf6 5. Nc3 e5 6. Ndb5 d6 7. Bg5 a6 8.
Na3 b5 9. Bxf6 gxf6 10. Nd5 f5 11. c3 Bg7 12. exf5 Bxf5 13. Nc2 O-O 14. Nce3
Be6 15. g4 Qh4 16. Bg2 e4 17. Bxe4 f5 18. Bxf5 Bxf5 19. gxf5 Ne5 20. Qe2 Kh8
21. O-O-O Nc4 22. Nxc4 bxc4 23. Ne3 Rab8 24. Qc2 Rb6 25. Rdg1 Bh6 26. Rg2 d5
27. Rhg1 d4 28. cxd4 Qxd4 29. Qc3 Qxc3+ 30. bxc3 Rfb8 31. Kd1 Rb2 32. f4 Bxf4
33. Nxc4 R2b5 34. f6 Rf5 35. Kc2 Rxf6 36. Rf1 Rc8 37. Nd6 Rxc3+ 38. Kxc3 Be5+
39. Kc4 Rxf1 40. Kd5 Bxd6 41. Kxd6 h6 42. Kc5 Rf4 1/2-1/2

[Event "Lloyds Bank Masters 1st"]
[Site "London"]
[Date "1977.08.29"]
[Round "6.8"]
[White "Franklin, Michael J"]
[Black "Large, Peter G"]
[Result "1-0"]
[WhiteElo "2300"]
[BlackElo "2280"]
[PlyCount "90"]
[EventDate "1977.08.26"]
[EventType "swiss"]
[EventRounds "10"]
[EventCountry "ENG"]

1. d4 b6 2. Nf3 Bb7 3. Bf4 g6 4. e3 Bg7 5. Nbd2 d6 6. Bc4 Nf6 7. h3 O-O 8. O-O
Nbd7 9. Re1 Qe8 10. Bh2 e5 11. dxe5 dxe5 12. e4 Qe7 13. c3 Nh5 14. b4 Rfe8 15.
Qb3 Nf8 16. Bd5 c6 17. Bc4 Nf4 18. a4 Red8 19. Bxf4 exf4 20. e5 Ne6 21. Ne4 c5
22. b5 h6 23. Rad1 Rxd1 24. Qxd1 Rd8 25. Qe2 Nc7 26. Kh2 Kf8 27. Nd6 Bd5 28.
Bxd5 Nxd5 29. Qd2 Qe6 30. Ne4 Re8 31. c4 Nb4 32. Nd6 Rd8 33. Kg1 Bxe5 34. Nxe5
Rxd6 35. Qxf4 Kg7 36. Qc1 Qf5 37. Ng4 g5 38. Re7 Rd7 39. Qc3+ Kf8 40. Rxd7 Qxd7
41. Qh8+ Ke7 42. Qf6+ Ke8 43. Qxh6 Qe6 44. Qh8+ Ke7 45. Qb8 Qd7 1-0

[Event "Lloyds Bank Masters 1st"]
[Site "London"]
[Date "1977.08.29"]
[Round "6.9"]
[White "Vranesic, Zvonko"]
[Black "Basman, Michael John"]
[Result "0-1"]
[WhiteElo "2400"]
[BlackElo "2390"]
[PlyCount "82"]
[EventDate "1977.08.26"]
[EventType "swiss"]
[EventRounds "10"]
[EventCountry "ENG"]

1. c4 c6 2. d4 d5 3. Nc3 Nf6 4. e3 g6 5. Nf3 Bg7 6. Be2 O-O 7. O-O Nbd7 8. b3
Nb6 9. Ba3 Re8 10. Rc1 h5 11. Re1 Be6 12. Ng5 Bg4 13. f3 Bh6 14. h4 Bf5 15.
cxd5 cxd5 16. Bb5 Bd7 17. Bd3 Rc8 18. Bb2 Nh7 19. Nxh7 Kxh7 20. Qd2 e5 21. dxe5
d4 22. Ne4 dxe3 23. Qb4 Nd5 24. Qd4 Rxc1 25. Bxc1 Be6 26. Bc4 Qa5 27. Re2 Rc8
28. Bb2 Nf4 29. Rxe3 Bxc4 30. bxc4 Ne6 31. Qd3 Qxa2 32. Re2 Nf4 33. Nf6+ Kh8
34. Qd7 Nxe2+ 35. Kf2 Qxc4 36. e6 Qxe6 37. Nxh5+ Nc3 38. Qd4+ f6 39. Nxf6 Be3+
40. Qxe3 Nd1+ 41. Kg3 Nxe3 0-1

[Event "Lloyds Bank Masters 1st"]
[Site "London"]
[Date "1977.08.29"]
[Round "6.14"]
[White "Baker, Chris W"]
[Black "James, Geoffrey H"]
[Result "1/2-1/2"]
[WhiteElo "2175"]
[BlackElo "2230"]
[PlyCount "34"]
[EventDate "1977.08.26"]
[EventType "swiss"]
[EventRounds "10"]
[EventCountry "ENG"]

1. c4 e5 2. Nc3 Nf6 3. Nf3 Nc6 4. d3 g6 5. Bg5 Bg7 6. Qc1 h6 7. Bd2 d6 8. g3
Be6 9. Bg2 Qd7 10. O-O Bh3 11. Nd5 Bxg2 12. Kxg2 Nd4 13. Nxd4 exd4 14. e4 c6
15. Nxf6+ Bxf6 16. b4 h5 17. Bg5 Qe7 {Source: GH James via Brian Denman, 23
September 2020} 1/2-1/2

[Event "Lloyds Bank Masters 1st"]
[Site "London"]
[Date "1977.08.29"]
[Round "6.15"]
[White "King, Daniel J"]
[Black "Bailey, Richard"]
[Result "1/2-1/2"]
[WhiteElo "2105"]
[BlackElo "2305"]
[PlyCount "31"]
[EventDate "1977.08.26"]
[EventType "swiss"]
[EventRounds "10"]
[EventCountry "ENG"]

1. e4 c5 2. Nf3 d6 3. Bb5+ Bd7 4. Bxd7+ Qxd7 5. O-O Nf6 6. e5 dxe5 7. Nxe5 Qc8
8. d4 e6 9. Nc3 Nc6 10. Nxc6 Qxc6 11. dxc5 Bxc5 12. Bg5 Be7 13. Qe2 Rc8 14.
Rad1 O-O 15. Rd3 Rfd8 16. Rfd1 1/2-1/2

[Event "Lloyds Bank Masters 1st"]
[Site "London"]
[Date "1977.08.29"]
[Round "6.17"]
[White "Patterson, Nicholas J"]
[Black "Hodgson, Julian M"]
[Result "0-1"]
[WhiteElo "2340"]
[BlackElo "2210"]
[PlyCount "46"]
[EventDate "1977.08.26"]
[EventType "swiss"]
[EventRounds "10"]
[EventCountry "ENG"]

1. d4 d5 2. c4 e6 3. Nc3 c5 4. e3 Nc6 5. Nf3 Nf6 6. Bd3 Be7 7. O-O O-O 8. b3 b6
9. Bb2 Bb7 10. Rc1 Rc8 11. dxc5 dxc4 12. Bxc4 Bxc5 13. Qe2 Qe7 14. e4 Rcd8 15.
e5 Nd5 16. Ne4 Nf4 17. Qe1 Nb4 18. Nf6+ gxf6 19. exf6 Qe8 20. Qe5 Nh3+ 21. Kh1
Kh8 22. Qg3 Nxf2+ 23. Rxf2 Rg8 0-1

[Event "Lloyds Bank Masters 1st"]
[Site "London"]
[Date "1977.08.29"]
[Round "6.18"]
[White "Trevelyan, John"]
[Black "Pagden, Michael A"]
[Result "0-1"]
[WhiteElo "2205"]
[BlackElo "2135"]
[PlyCount "54"]
[EventDate "1977.08.26"]
[EventType "swiss"]
[EventRounds "10"]
[EventCountry "ENG"]

1. e4 c5 2. Nf3 d6 3. Bb5+ Nd7 4. O-O Ngf6 5. Re1 a6 6. Bxd7+ Nxd7 7. b3 e5 8.
d3 Be7 9. Nc3 O-O 10. Nd5 b5 11. c3 Bb7 12. Ne3 g6 13. g4 Bg5 14. Nxg5 Qxg5 15.
c4 Qh4 16. Ng2 Qe7 17. Bh6 Rfe8 18. Re3 Kh8 19. Qe2 Rg8 20. g5 f5 21. gxf6 Nxf6
22. Rg3 Nh5 23. Rh3 Bc8 24. Rh4 Qf6 25. Bc1 Ng7 26. Qd2 Rf8 27. f4 g5 0-1

[Event "Lloyds Bank Masters 1st"]
[Site "London"]
[Date "1977.08.29"]
[Round "6.21"]
[White "Taulbut, Shaun M"]
[Black "Spivack, Simon"]
[Result "1-0"]
[WhiteElo "2395"]
[BlackElo "2090"]
[PlyCount "69"]
[EventDate "1977.08.26"]
[EventType "swiss"]
[EventRounds "10"]
[EventCountry "ENG"]

1. e4 c5 2. Nf3 Nc6 3. Bb5 g6 4. O-O Bg7 5. Re1 Nf6 6. e5 Nd5 7. Nc3 Nc7 8.
Bxc6 dxc6 9. Ne4 Ne6 10. d3 Qc7 11. Neg5 h6 12. Nxe6 Bxe6 13. b3 Rd8 14. Qe2
Bg4 15. Bf4 e6 16. h3 Bxf3 17. Qxf3 Qd7 18. Re4 Qd5 19. Rae1 Bf8 20. Qe3 b6 21.
Bg3 Be7 22. Bh4 Qd7 23. Qf3 Bxh4 24. Rxh4 Qe7 25. Qxc6+ Kf8 26. Rf4 Kg7 27. Qf3
Rd5 28. h4 h5 29. Ree4 Rd7 30. Rf6 Qf8 31. Ref4 Qe8 32. a4 Rf8 33. Qg3 Rd5 34.
Qg5 Qb8 35. Rxg6+ 1-0

[Event "Lloyds Bank Masters 1st"]
[Site "London"]
[Date "1977.08.29"]
[Round "6.28"]
[White "Marlow, Michael W"]
[Black "Henshaw, John C"]
[Result "1/2-1/2"]
[WhiteElo "2360"]
[BlackElo "2170"]
[PlyCount "41"]
[EventDate "1977.08.26"]
[EventType "swiss"]
[EventRounds "10"]
[EventCountry "ENG"]

1. e4 c5 2. Nf3 e6 3. d4 cxd4 4. Nxd4 a6 5. Nc3 Qc7 6. Bd3 Nc6 7. Be3 Nf6 8.
O-O Nxd4 9. Bxd4 Bc5 10. Bxc5 Qxc5 11. Re1 d6 12. Qe2 b5 13. e5 dxe5 14. Qf3
Ra7 15. Qg3 O-O 16. Rxe5 Qd4 17. Rd1 Qg4 18. Qe3 Rd7 19. Rg5 Qh4 20. g3 Qh6 21.
Re5 {Source: John Henshaw via Brian Denman, 23 September 2020} 1/2-1/2

[Event "Lloyds Bank Masters 1st"]
[Site "London"]
[Date "1977.08.29"]
[Round "6.30"]
[White "Wells, Ian Duncan"]
[Black "Emerson, Roger"]
[Result "1/2-1/2"]
[WhiteElo "2050"]
[BlackElo "2225"]
[PlyCount "76"]
[EventDate "1977.08.26"]
[EventType "swiss"]
[EventRounds "10"]
[EventCountry "ENG"]
[SourceTitle "Roger Emerson"]
[Source "BritBase"]
[SourceDate "2020.09.21"]
[SourceVersion "1"]
[SourceVersionDate "2020.09.21"]
[SourceQuality "1"]

1. e4 c5 2. Nf3 Nc6 3. d4 cxd4 4. Nxd4 Nf6 5. Nc3 e5 6. Nf3 Bb4 7. Bc4 O-O 8.
O-O h6 9. Qe2 d6 10. h3 Be6 11. Rd1 a6 12. Nd5 Bxd5 13. Bxd5 Qc7 14. c3 Bc5 15.
Be3 Ne7 16. Bxc5 dxc5 17. Bb3 Rfd8 18. a4 Ng6 19. g3 Rac8 20. Kg2 Nd7 21. Rd2
c4 22. Bc2 Nf6 23. Rad1 Rxd2 24. Qxd2 Qb6 25. Bb1 Qb3 26. Qc2 Qb6 27. Nd2 Qc6
28. a5 Rd8 29. Nf3 Rxd1 30. Qxd1 Nxe4 31. Qd8+ Kh7 32. Qb6 Qd5 33. Qe3 Nf6 34.
Qxe5 Qc6 35. Qe2 Nd7 36. Kh2 Qd5 37. Qe4 Qb5 38. h4 Nf6 {Source: Roger Emerson}
1/2-1/2

[Event "Lloyds Bank Masters 1st"]
[Site "London"]
[Date "1977.08.29"]
[Round "6.32"]
[White "Motamedi, Mano"]
[Black "Lee, Martin A"]
[Result "1-0"]
[WhiteElo "2250"]
[BlackElo "2105"]
[PlyCount "51"]
[EventDate "1977.08.26"]
[EventType "swiss"]
[EventRounds "10"]
[EventCountry "ENG"]

1. e4 e6 2. d4 d5 3. Nd2 Nc6 4. Ngf3 Nf6 5. e5 Nd7 6. c3 f6 7. exf6 Qxf6 8. Bd3
Bd6 9. Nb3 O-O 10. Bg5 Qf7 11. Qc2 Qh5 12. Rg1 e5 13. g4 Qe8 14. Bxh7+ Kh8 15.
Bg6 Qe6 16. Bf5 Qe8 17. O-O-O Nf6 18. Nh4 Ne7 19. dxe5 Bxe5 20. f4 Bd6 21. Nd4
c5 22. Ne6 Bxe6 23. Bxe6 Qc6 24. f5 Qa6 25. Kb1 Qc4 26. Rd3 1-0

[Event "Lloyds Bank Masters 1st"]
[Site "London"]
[Date "1977.08.30"]
[Round "7.1"]
[White "Birnboim, Nathan"]
[Black "Quinteros, Miguel"]
[Result "1/2-1/2"]
[WhiteElo "2440"]
[BlackElo "2555"]
[PlyCount "42"]
[EventDate "1977.08.26"]
[EventType "swiss"]
[EventRounds "10"]
[EventCountry "ENG"]

1. e4 c5 2. c3 e6 3. d4 d5 4. exd5 Qxd5 5. Nf3 Nf6 6. Bd3 Nc6 7. O-O Be7 8. c4
Qd8 9. dxc5 Bxc5 10. Nc3 O-O 11. Bg5 Be7 12. Qe2 h6 13. Bh4 Nh5 14. Bxe7 Qxe7
15. Qe3 Nf6 16. Rfe1 Nb4 17. Bb1 Bd7 18. a3 Nc6 19. b4 Rac8 20. Bd3 b6 21. Rac1
Rfd8 1/2-1/2

[Event "Lloyds Bank Masters 1st"]
[Site "London"]
[Date "1977.08.30"]
[Round "7.2"]
[White "Franklin, Michael J"]
[Black "Hartston, William Roland"]
[Result "0-1"]
[WhiteElo "2300"]
[BlackElo "2475"]
[PlyCount "102"]
[EventDate "1977.08.26"]
[EventType "swiss"]
[EventRounds "10"]
[EventCountry "ENG"]

1. d4 Nf6 2. Nf3 g6 3. Bf4 d6 4. e3 Nh5 5. Bg5 h6 6. Bh4 g5 7. Nfd2 Ng7 8. Bg3
Nf5 9. c3 Bg7 10. Bc4 e6 11. e4 Nxg3 12. hxg3 Qe7 13. Qe2 Nd7 14. Na3 a6 15.
Nc2 b5 16. Bd3 c5 17. Qe3 Bb7 18. f4 Nb6 19. fxg5 Qxg5 20. Qxg5 hxg5 21. Rxh8+
Bxh8 22. O-O-O Ke7 23. Rh1 cxd4 24. cxd4 Rc8 25. Kb1 Nc4 26. Nf1 Bf6 27. b3 Na5
28. Nfe3 Nc6 29. d5 Ne5 30. Be2 Rh8 31. Rxh8 Bxh8 32. g4 Nd7 33. Kc1 Kf6 34. a4
bxa4 35. bxa4 Nc5 36. Bf3 Ke7 37. Nc4 Nxa4 38. Na5 Bc8 39. Nc6+ Kd7 40. Ne3 Kc7
41. Nc4 Nb6 42. Nxb6 Kxb6 43. Nd8 exd5 44. exd5 f5 45. gxf5 Bxf5 46. g4 Bd7 47.
Kc2 Bf6 48. Ne6 Ba4+ 49. Kd3 Bb3 50. Nf8 Kb5 51. Nd7 Bg7 0-1

[Event "Lloyds Bank Masters 1st"]
[Site "London"]
[Date "1977.08.30"]
[Round "7.3"]
[White "Nunn, John DM"]
[Black "Bellin, Robert"]
[Result "1/2-1/2"]
[WhiteElo "2410"]
[BlackElo "2400"]
[PlyCount "66"]
[EventDate "1977.08.26"]
[EventType "swiss"]
[EventRounds "10"]
[EventCountry "ENG"]

1. e4 e5 2. Nf3 Nc6 3. Bb5 a6 4. Ba4 Nf6 5. O-O Nxe4 6. d4 b5 7. Bb3 d5 8. dxe5
Be6 9. Qe2 Be7 10. Rd1 O-O 11. c4 bxc4 12. Bxc4 Bc5 13. Be3 Bxe3 14. Qxe3 Qb8
15. Bb3 Qa7 16. Qe2 Rfd8 17. Nbd2 Nc5 18. Rac1 h6 19. Bc2 Bg4 20. Nb3 Nxb3 21.
Bxb3 Bxf3 22. Qxf3 Nd4 23. Qd3 c5 24. Bc2 Nxc2 25. Rxc2 Rac8 26. f4 c4+ 27. Qd4
Qxd4+ 28. Rxd4 Rb8 29. Kf2 Rb6 30. Ke3 f6 31. Rdd2 fxe5 32. fxe5 Kf7 33. Kd4
Ke6 1/2-1/2

[Event "Lloyds Bank Masters 1st"]
[Site "London"]
[Date "1977.08.30"]
[Round "7.4"]
[White "Wicker, Kevin J"]
[Black "Torre, Eugenio"]
[Result "1/2-1/2"]
[WhiteElo "2310"]
[BlackElo "2550"]
[PlyCount "76"]
[EventDate "1977.08.26"]
[EventType "swiss"]
[EventRounds "10"]
[EventCountry "ENG"]

1. e4 c5 2. Nf3 e6 3. Nc3 a6 4. Be2 b5 5. O-O Bb7 6. d4 cxd4 7. Qxd4 Nc6 8. Qe3
d6 9. b3 Nf6 10. Bb2 Be7 11. Rad1 Qc7 12. a3 O-O 13. Ne1 Rad8 14. Qg3 e5 15.
Nd5 Nxd5 16. exd5 Nd4 17. Rxd4 exd4 18. Bxd4 g6 19. c4 bxc4 20. bxc4 Rde8 21.
Qc3 Bg5 22. Bd3 f5 23. Nf3 Bh6 24. Rb1 Rb8 25. h4 Bc8 26. Rxb8 Qxb8 27. Ng5 Qc7
28. c5 Bg7 29. Bxg7 Qxg7 30. Qxg7+ Kxg7 31. cxd6 Rf6 32. Bxa6 Bd7 33. Ne6+ Bxe6
34. dxe6 Rxe6 35. d7 Rd6 36. Bb5 Kf7 37. g3 Ke7 38. a4 h6 1/2-1/2

[Event "Lloyds Bank Masters 1st"]
[Site "London"]
[Date "1977.08.30"]
[Round "7.5"]
[White "Kinlay, Jonathan"]
[Black "Formanek, Edward W"]
[Result "0-1"]
[WhiteElo "2275"]
[BlackElo "2410"]
[PlyCount "72"]
[EventDate "1977.08.26"]
[EventType "swiss"]
[EventRounds "10"]
[EventCountry "ENG"]

1. e4 e6 2. d4 d5 3. e5 c5 4. Nf3 Qb6 5. Bd3 cxd4 6. O-O Ne7 7. Re1 Nbc6 8. a3
Ng6 9. h4 f6 10. exf6 gxf6 11. c4 dxc4 12. Bxc4 e5 13. h5 Nge7 14. Nbd2 Nf5 15.
Ne4 Be7 16. b4 Bd7 17. Bd2 Nd6 18. Nxd6+ Bxd6 19. b5 Ne7 20. Qb3 O-O-O 21. a4
Bc5 22. Nxe5 fxe5 23. Rxe5 Rdf8 24. a5 Qd6 25. Rae1 d3 26. Rxc5+ Qxc5 27. Be3
Qd6 28. Rd1 Bf5 29. Bxa7 Rhg8 30. Bxd3 Bd7 31. Bxh7 Qe5 32. Qc4+ Kd8 33. Bb6+
Ke8 34. Qd3 Qd5 35. Qe3 Qg5 36. Qd4 Qxg2# 0-1

[Event "Lloyds Bank Masters 1st"]
[Site "London"]
[Date "1977.08.30"]
[Round "7.6"]
[White "Pritchett, Craig William"]
[Black "Speelman, Jonathan S"]
[Result "1/2-1/2"]
[WhiteElo "2425"]
[BlackElo "2395"]
[PlyCount "183"]
[EventDate "1977.08.26"]
[EventType "swiss"]
[EventRounds "10"]
[EventCountry "ENG"]

1. Nf3 c5 2. c4 Nf6 3. Nc3 e6 4. g3 b6 5. Bg2 Bb7 6. O-O Be7 7. d4 cxd4 8. Qxd4
d6 9. Rd1 a6 10. b3 Nbd7 11. Bb2 O-O 12. Rac1 Qc7 13. e4 Rac8 14. Qe3 Rfe8 15.
Qe2 Bf8 16. Nd4 Qb8 17. Re1 g6 18. Qd2 Bg7 19. Rcd1 Nc5 20. Ba1 Ba8 21. Nc2
Red8 22. Qe2 Bc6 23. e5 Ne8 24. Bxc6 Rxc6 25. b4 Nb7 26. Nd4 Rcc8 27. exd6
Nexd6 28. b5 axb5 29. cxb5 Na5 30. Ne4 Nxe4 31. Qxe4 Qd6 32. Qe2 Qa3 33. Nc6
Rxd1 34. Rxd1 Nxc6 35. Bxg7 Kxg7 36. bxc6 Qc3 37. Rb1 Rxc6 38. Qb2 Qxb2 39.
Rxb2 Kf6 40. Rb5 g5 41. a4 Rc4 42. Rxb6 Rxa4 43. Kg2 h5 44. Rb5 h4 45. Rc5 e5
46. Rc3 Kg6 47. Rb3 Rd4 48. Rc3 Kh5 49. Rc6 g4 50. gxh4 Rf4 51. Rc8 Kxh4 52.
Rh8+ Kg5 53. h3 gxh3+ 54. Rxh3 Ra4 55. Rb3 f5 56. Rb8 Kf4 57. Rc8 Ra2 58. Rb8
e4 59. Re8 Re2 60. Ra8 Rb2 61. Re8 Ra2 62. Re7 Kg4 63. Rg7+ Kf4 64. Re7 Ra8 65.
Rb7 Rg8+ 66. Kf1 Kg4 67. Rb4 Ra8 68. Kg2 Ra2 69. Rc4 Kg5 70. Kf1 Kf6 71. Rb4
Rc2 72. Ra4 Ke5 73. Ra5+ Ke6 74. Ra6+ Kd5 75. Ra8 f4 76. Ra5+ Kd4 77. Ra8 Rb2
78. Ra4+ Kd3 79. Ra3+ Kd2 80. Ra8 Rb1+ 81. Kg2 Ke2 82. Ra2+ Ke1 83. Rc2 Rd1 84.
Ra2 Rd2 85. Ra1+ Ke2 86. Ra4 f3+ 87. Kg3 e3 88. Re4 Rd3 89. Re8 Kf1 90. Rh8
exf2 91. Rh1+ Ke2 92. Rh2 1/2-1/2

[Event "Lloyds Bank Masters 1st"]
[Site "London"]
[Date "1977.08.30"]
[Round "7.7"]
[White "Basman, Michael John"]
[Black "Yeo, Michael J"]
[Result "1-0"]
[WhiteElo "2390"]
[BlackElo "2080"]
[PlyCount "89"]
[EventDate "1977.08.26"]
[EventType "swiss"]
[EventRounds "10"]
[EventCountry "ENG"]

1. d4 d5 2. Nf3 Nc6 3. Bf4 Bg4 4. h3 Bxf3 5. gxf3 e6 6. Rg1 Nge7 7. e3 Ng6 8.
Bg3 Nce7 9. c4 c6 10. Nc3 Nf5 11. Bd3 dxc4 12. Bxc4 Bd6 13. Bxd6 Qxd6 14. f4
O-O-O 15. Qa4 Nxf4 16. exf4 Nxd4 17. O-O-O Qxf4+ 18. Kb1 Kb8 19. Rg4 Qe5 20.
Ba6 Nb5 21. Bxb5 cxb5 22. Rxd8+ Rxd8 23. Qf4 Qxf4 24. Rxf4 f5 25. Nxb5 Rd5 26.
Nc3 Rd3 27. h4 h6 28. Kc2 Rh3 29. Kd2 Kc7 30. Nb5+ Kb6 31. Nd4 e5 32. Rf3 Rxh4
33. Nxf5 Rg4 34. Ne3 Rd4+ 35. Kc3 Kc6 36. Rf7 Rf4 37. Rxf4 exf4 38. Nf5 Kd5 39.
Nxg7 Ke4 40. Nh5 Kf5 41. Kd4 Kg5 42. Ng7 Kg4 43. Ke4 h5 44. Nxh5 Kxh5 45. Kxf4
1-0

[Event "Lloyds Bank Masters 1st"]
[Site "London"]
[Date "1977.08.30"]
[Round "7.8"]
[White "Crouch, Colin S"]
[Black "Bennett, Terry B"]
[Result "1/2-1/2"]
[WhiteElo "2300"]
[BlackElo "2265"]
[PlyCount "40"]
[EventDate "1977.08.26"]
[EventType "swiss"]
[EventRounds "10"]
[EventCountry "ENG"]

1. e4 e6 2. d4 d5 3. Nd2 c5 4. Ngf3 Nc6 5. exd5 exd5 6. Bb5 Bd6 7. O-O Nge7 8.
c4 O-O 9. dxc5 Bxc5 10. Nb3 Bd6 11. Bxc6 bxc6 12. c5 Bb8 13. Bg5 Bg4 14. h3 Bh5
15. Nbd4 f6 16. Bh4 Qd7 17. Qa4 Bxf3 18. Nxf3 Ng6 19. Bg3 Bxg3 20. fxg3 Ne5
1/2-1/2

[Event "Lloyds Bank Masters 1st"]
[Site "London"]
[Date "1977.08.30"]
[Round "7.9"]
[White "Webb, Simon"]
[Black "Rumens, David E"]
[Result "1-0"]
[WhiteElo "2430"]
[BlackElo "2270"]
[PlyCount "49"]
[EventDate "1977.08.26"]
[EventType "swiss"]
[EventRounds "10"]
[EventCountry "ENG"]

1. d4 f5 2. Bg5 c5 3. e3 Qb6 4. Nf3 Qxb2 5. Nbd2 Qb6 6. Bd3 d5 7. Rb1 Qg6 8. c4
e6 9. g4 Nc6 10. gxf5 Qf7 11. Qa4 Bd7 12. fxe6 Qxe6 13. cxd5 Qxd5 14. Be4 Nb4
15. Qd1 Qxa2 16. Ne5 Nf6 17. Nxd7 Nxd7 18. dxc5 Bxc5 19. Nb3 O-O 20. O-O Rae8
21. Qxd7 Rxe4 22. Nxc5 Re5 23. Be7 Rd5 24. Qe6+ Kh8 25. Bxf8 1-0

[Event "Lloyds Bank Masters 1st"]
[Site "London"]
[Date "1977.08.30"]
[Round "7.11"]
[White "Cooper, John G"]
[Black "Patrick, David I"]
[Result "1-0"]
[WhiteElo "2320"]
[BlackElo "2290"]
[PlyCount "72"]
[EventDate "1977.08.26"]
[EventType "swiss"]
[EventRounds "10"]
[EventCountry "ENG"]

1. d4 d5 2. c4 e6 3. Nc3 Nf6 4. Bg5 Be7 5. e3 h6 6. Bh4 O-O 7. Nf3 Nbd7 8. Bd3
c6 9. O-O dxc4 10. Bxc4 b5 11. Bd3 b4 12. Na4 Qa5 13. Rc1 Rd8 14. Qb3 Qh5 15.
Bxf6 Nxf6 16. Nc5 a5 17. Rfd1 Nd5 18. Bf1 e5 19. Nxe5 Bd6 20. Ncd3 Be6 21. Qc2
f6 22. Be2 Qe8 23. Nc4 Bc7 24. Nc5 Bf7 25. Qe4 Qxe4 26. Nxe4 Rac8 27. Nc5 f5
28. f4 Re8 29. Kf2 g5 30. g3 gxf4 31. exf4 Rxe2+ 32. Kxe2 Bh5+ 33. Kd3 Bxd1 34.
Rxd1 Re8 35. Rf1 Rd8 36. Re1 Bd6 1-0

[Event "Lloyds Bank Masters 1st"]
[Site "London"]
[Date "1977.08.30"]
[Round "7.12"]
[White "Law, Andrew P"]
[Black "Baker, Chris W"]
[Result "1/2-1/2"]
[WhiteElo "2400"]
[BlackElo "2175"]
[PlyCount "30"]
[EventDate "1977.08.26"]
[EventType "swiss"]
[EventRounds "10"]
[EventCountry "ENG"]

1. c4 Nf6 2. Nc3 e6 3. Nf3 d5 4. d4 c5 5. cxd5 exd5 6. Bg5 Be6 7. e3 Qb6 8.
Bb5+ Nc6 9. Bxf6 gxf6 10. O-O c4 11. Qa4 a6 12. e4 O-O-O 13. Bxc4 dxc4 14. d5
Qxb2 15. Qxc4 Qb4 1/2-1/2

[Event "Lloyds Bank Masters 1st"]
[Site "London"]
[Date "1977.08.30"]
[Round "7.13"]
[White "James, Geoffrey H"]
[Black "Waters, Peter John"]
[Result "1/2-1/2"]
[WhiteElo "2230"]
[BlackElo "2320"]
[PlyCount "53"]
[EventDate "1977.08.26"]
[EventType "swiss"]
[EventRounds "10"]
[EventCountry "ENG"]

1. e4 c5 2. Nf3 Nc6 3. Bb5 Nf6 4. e5 Nd5 5. O-O g6 6. Re1 Bg7 7. Nc3 Nc7 8.
Bxc6 dxc6 9. d3 O-O 10. a4 Bg4 11. h3 Bxf3 12. Qxf3 Ne6 13. Bf4 f5 14. Qg3 h6
15. Bxh6 Kf7 16. Bxg7 Kxg7 17. Ne2 f4 18. Qg4 Rf5 19. a5 b5 20. axb6 axb6 21.
h4 Rxa1 22. Rxa1 Qd5 23. Ra4 Nd4 24. Nxd4 cxd4 25. h5 Rxh5 26. Qxf4 c5 27. Qe4
1/2-1/2

[Event "Lloyds Bank Masters 1st"]
[Site "London"]
[Date "1977.08.30"]
[Round "7.14"]
[White "Knott, Simon JB"]
[Black "Taulbut, Shaun M"]
[Result "0-1"]
[WhiteElo "2110"]
[BlackElo "2395"]
[PlyCount "84"]
[EventDate "1977.08.26"]
[EventType "swiss"]
[EventRounds "10"]
[EventCountry "ENG"]

1. c4 g6 2. Nc3 Bg7 3. d4 d6 4. Nf3 Nf6 5. e4 O-O 6. Be2 Bg4 7. O-O e5 8. d5
Nh5 9. g3 a5 10. Rb1 Na6 11. a3 Qe8 12. b4 axb4 13. axb4 h6 14. b5 Nc5 15. b6
cxb6 16. Rxb6 Qd8 17. Rb1 f5 18. Nh4 Bxe2 19. Qxe2 Nf4 20. Bxf4 exf4 21. Nb5
fxe4 22. Nxg6 f3 23. Qe3 Qd7 24. Kh1 Rf5 25. Nd4 Bxd4 26. Qxd4 Qg7 27. Qxg7+
Kxg7 28. Nf4 Kf6 29. Rb6 Ke7 30. h4 Ra4 31. Rc1 Kd7 32. Ne6 Nxe6 33. dxe6+ Kxe6
34. c5 Rd5 35. cxd6 Rxd6 36. Rxb7 Ra2 37. Rh7 Kf5 38. Rf7+ Kg4 39. Rf4+ Kh3 40.
Kg1 Rdd2 41. Rf1 e3 42. Rxf3 e2 0-1